Géographie du sous-développement
Gorde:
| Egile nagusia: | |
|---|---|
| Formatua: | Liburua |
| Hizkuntza: | frantsesa |
| Argitaratua: |
París
Universitaires de France
1965
|
| Saila: | Magellan. La Géographie et ses problèmes, 2
|
| Gaiak: | |
| Etiketak: |
Etiketa erantsi
Etiketarik gabe, Izan zaitez lehena erregistro honi etiketa jartzen!
|
MARC
| LEADER | 00000nam a2200000 a 4500 | ||
|---|---|---|---|
| 001 | UCU2738 | ||
| 003 | CL-VaPUC | ||
| 008 | 960426e19650000FR |||||||||||||||||fre|d | ||
| 082 | 0 | 4 | |a 304.6 |b LAC |2 21 |
| 100 | |a Lacoste, Yves |e author |9 559490 | ||
| 245 | 1 | 0 | |a Géographie du sous-développement |
| 300 | |a 284 p | ||
| 942 | |c BK | ||
| 945 | |d 19960426 00:00:00 |a paguirre | ||
| 260 | |a París |b Universitaires de France |c 1965 | ||
| 650 | 0 | |a Demografía |9 260008 | |
| 650 | 0 | |a Países en desarrollo |9 259663 | |
| 650 | 7 | |a SUBDESARROLLO |2 CL-VaPUC |9 337696 | |
| 650 | 7 | |a MORTALIDAD |2 CL-VaPUC |9 341601 | |
| 650 | 7 | |a NATALIDAD |2 CL-VaPUC |9 357969 | |
| 650 | 7 | |a TASA DE NATALIDAD |2 CL-VaPUC |9 359205 | |
| 650 | 0 | |a Industrialización |9 263687 | |
| 650 | 0 | |a Industrias |9 263688 | |
| 583 | |a last modification |c 19960426 00:00:00 |k Rodrigo Vera | ||
| 490 | 0 | |a Magellan. La Géographie et ses problèmes, 2 | |
| 999 | |c 246969 |d 246967 | ||
| 952 | |0 0 |1 0 |4 0 |6 304_600000000000000_LAC_1965 |7 0 |8 A |9 262370 |a BIBING |b BIBING |d 2019-11-19 |i 164291K |o 304.6 LAC 1965 |p 164291K |r 2025-01-20 |w 2019-11-19 |y BK |k GEO | ||